| 000 | 01122nam a2200229Ia 4500 | ||
|---|---|---|---|
| 003 | Ost | ||
| 005 | 20260507075754.0 | ||
| 008 | 260507s9999||||xx |||||||||||||| ||und|| | ||
| 020 | _a9789931140467 | ||
| 040 | _cfsecg | ||
| 041 | _aara | ||
| 082 | _a657.1 | ||
| 100 |
_aمروش، يوسف _eمؤلف |
||
| 245 | 0 |
_aالمحاسبة المالية 2 : _bدروس وأمثلة و تمارين محلولة / _c يوسف مروش |
|
| 260 |
_aالجزائر: _bدار أجيال الرقمي , _c2023 |
||
| 300 |
_a281 صفحة؛ _bإيضاحات ؛ _c24 سم |
||
| 504 | _aمراجع ص.277 | ||
| 520 | _aمحاسبة مردودات المشتريات والمبيعات، محاسبة التسبيقات على المخزونات ، كذلك محاسبة التخفيضات التجارية والمالية، ومحاسبة الأغلفة والأوراق التجارية، مع دراسة حسابات التسيير-الأعباء والمنتوجات- أعمال نهاية الدورة. | ||
| 653 | _aالأوراق التجارية | ||
| 653 | _aالمحاسبة التحليلية | ||
| 942 | _cكتاب | ||
| 999 |
_c46236 _d46236 |
||